| 000 | 00734cam a22002413a 4500 | ||
|---|---|---|---|
| 001 | 10579 | ||
| 003 | PGUSA | ||
| 005 | 20140828083226.0 | ||
| 008 | 040101s2004||||xxu|||||s|||||000 1 eng d | ||
| 040 |
_aPGUSA _beng |
||
| 042 | _adc | ||
| 050 | 4 | _aPZ | |
| 100 | 1 | _aBarnum, Vance | |
| 245 | 1 | 0 |
_aJoe Strong the Boy Fire-Eater : _bOr, The Most Dangerous Performance on Record _h[electronic resource] / _cVance Barnum |
| 260 |
_bProject Gutenberg, _c2004 |
||
| 506 | _aPublic domain in the USA. | ||
| 516 | _aElectronic text | ||
| 653 | _aCircus performers -- Juvenile fiction | ||
| 653 | _aFire-eating -- Juvenile fiction | ||
| 830 | 0 |
_aProject Gutenberg _v10579 |
|
| 856 | 4 | 0 | _uhttp://www.gutenberg.org/ebooks/10579 |
| 942 | _cEB | ||
| 999 |
_c239834 _d239834 |
||